Pohled Hospodářské komory ČR na integraci české ekonomiky do jednotného trhu EU.

Strategická voľba integrácie. Vstup do EÚ a česká firma, klady a zápory. Úloha Hospodárskej komory ČR.

Saved in:
Bibliographic Details
Main Author: Somr, Zdeněk
Format: Book Chapter
Language:Czech
Subjects:
Tags: Add Tag
No Tags, Be the first to tag this record!

MARC

LEADER 00000naa a2200000 4500
001 r034045
005 20230927120218.4
041 0 |a cze 
044 |a CZ 
245 1 0 |a Pohled Hospodářské komory ČR na integraci české ekonomiky do jednotného trhu EU.  |c Zdeněk Somr 
520 |a Strategická voľba integrácie. Vstup do EÚ a česká firma, klady a zápory. Úloha Hospodárskej komory ČR. 
610 2 0 |a integrácia ekonomická 
610 2 0 |a trh spoločný 
610 2 0 |a Česko 
610 2 0 |a Európska únia 
610 2 0 |a podnik 
610 2 0 |a komory hospodárske 
100 1 |a Somr, Zdeněk